Tom Holland Quiz 101 - Statistics

General Stats
  • This quiz has been taken 139 times
  • The average score is 9 of 12
Answer Stats
Tom question Answer % Correct
what character does he play in avengers? spider man
98%
what is his dog called? tessa
97%
how does he pronounce croissant? quackson
92%
how many siblings does he have? three
90%
what do people say he has in his mouth? a frog
88%
what town does he live in? kingston upon thames
85%
what is the name of his charity? the brothers trust
82%
how did he find out his role in avengers? instagram
70%
what was his first ever role? billy from billy elliot
66%
what did he used to do when he was younger dance
65%
When is his birthday? in words 1st June 1996
27%
what school did he secretly attend before starting his avengers movies Bronx High School of Science
4%
No matching quizzes found
Score Distribution
Percent of People with Each Score
Percentile by Number Answered
Your Score History
You have not taken this quiz